1754 1645 1501 1521 1410 1243 1646 1028 1569 1527 1757 1408 1472 1050 1877 1110 1430 1119 1536 1011 1069 1427 1013 1604 1414 1720 1914 1998 1961 1880 1781 1468 1745 1142 1227 1226 1410 1011 1108 1004 1746 1693 1853 1046 1739 1651 1915 1731 1707 1940 1028 1231 1820 1861 1858 1450 1590 1263 1834 1255 1234 1091 1026 1808 1696 1669 1914 1161 1141 1660 1888 1602 1252 1920 1173 1658 1082 1557 1571 1843 1111 1990 1411 1758 1173 1552 1528 1539 1018 1867 1634 1600 1272 1826 1521 1109 1180 1658 1249 BCNSPRNW ULIB Ver.6.0+V

เปลี่ยนเป็นภาษาไทย

Change to English
 แสดงรายละเอียดบรรณานุกรม
  กลับหน้าหลัก

Brief Record : Get Marc (ISO 2709) : E-mail record : QR code < ปิดหน้าต่าง
LEADER : 00000nam 2200000uu 4500
001    13399125338
003     ULIB
008    170427s2557||||th 000 0 tha d
020    ^a9786163610027
060    ^aWJ300 พ333ร ล.2
100    ^aพระเทวินทร์ เทวินโท
245    ^aโรคไต Nephrosis 2
250    ^aพิมพ์ครั้งที่ 1
260    ^aกรุงเทพฯ :^bซีเอ็ดบุ๊ค,^c2557
300    ^a618 หน้า^bภาพประกอบ
650    ^aไต, โรค
945    ^p0^l0^i002041
945    ^p0^l0^i002042
945    ^p0^l0^i002043
999    ^aวรรณษา ชูชัยมงคล
รายการนี้ยังไม่มีแท็ก
คุณยังไม่ได้ล็อกอิน คุณสามารถมีกิจกรรมร่วมกับเว็บไซต์ได้ แต่ต้องล็อกอินก่อน ::
  ล็อกอิน

รายการสื่อสารสนเทศ

ลำดับที่ ประเภท เลขเรียก/บาร์โค้ด สถานที่ สถานะ
1. วิทยาศาสตร์การแพทย์ และสุขภาพ
วิทยาศาสตร์การแพทย์ และสุขภาพ
สถานะ=หนังสือเก่า
WJ300 พ333ร ล.2 ฉ.1 
  Barcode: 002041
ห้องสมุดวิทยาเขตสวรรค์ประชารักษ์
►ส่วนจัดเก็บหนังสือเก่า สปร
บนชั้น
  ขอยืม
2. วิทยาศาสตร์การแพทย์ และสุขภาพ
วิทยาศาสตร์การแพทย์ และสุขภาพ
สถานะ=หนังสือเก่า
WJ300 พ333ร ล.2 ฉ.2 
  Barcode: 002042
ห้องสมุดวิทยาเขตสวรรค์ประชารักษ์
►ส่วนจัดเก็บหนังสือเก่า สปร
บนชั้น
  ขอยืม
3. วิทยาศาสตร์การแพทย์ และสุขภาพ
วิทยาศาสตร์การแพทย์ และสุขภาพ
สถานะ=หนังสือเก่า
WJ300 พ333ร ล.2 ฉ.3 
  Barcode: 002043
ห้องสมุดวิทยาเขตสวรรค์ประชารักษ์
►ส่วนจัดเก็บหนังสือเก่า สปร
บนชั้น
  ขอยืม

รายการใกล้เคียง
    ชื่อเรื่อง [โรคไต Nephrosis 2]

    ผู้แต่ง [พระเทวินทร์ เทวินโท]

    หัวเรื่อง [ไต, โรค]

BibComment


ยังไม่เคยถูกคอมเมนท์

คอมเมนท์ทรัพยากรรายการนี้
  คอมเมนท์: โรคไต Nephrosis 2


 Copyright 2026. Bcnsprnw @Library